McMeekin and another v Long and another (Record no. 72742)

MARC details
000 -LEADER
fixed length control field 00792cam a2200193 4500
008 - FIXED-LENGTH DATA ELEMENTS--GENERAL INFORMATION
fixed length control field 030523n2003 000 0 eng u
035 ## - SYSTEM CONTROL NUMBER
System control number (Sirsi) u122385
245 ## - TITLE STATEMENT
Title McMeekin and another v Long and another
260 ## - PUBLICATION, DISTRIBUTION, ETC.
Date of publication, distribution, etc. 2003
490 ## - SERIES STATEMENT
Series statement Estates Gazette Case Summaries
Volume/sequential designation [2003] 20 EG 147 (CS)
490 ## - SERIES STATEMENT
Series statement Estates Gazette
Volume/sequential designation [2003] 29 EG 120-122(3)
520 ## - SUMMARY, ETC.
Summary, etc. HC 4 October 2003. Claimant (M) made a claim for fraudulent representation against defendant (L) for failing to inform M about long running dispute with neighbour over use of access road. Claim allowed.
650 ## - SUBJECT ADDED ENTRY--TOPICAL TERM
Topical term or geographic name entry element NEIGHBOUR DISPUTES
650 ## - SUBJECT ADDED ENTRY--TOPICAL TERM
Topical term or geographic name entry element ACCESS ROAD
650 ## - SUBJECT ADDED ENTRY--TOPICAL TERM
Topical term or geographic name entry element FRAUDULENT MISREPRESENTATION
650 ## - SUBJECT ADDED ENTRY--TOPICAL TERM
Topical term or geographic name entry element MCMEEKIN AND ANOTHER V LONG AND ANOTHER
690 ## - LOCAL SUBJECT ADDED ENTRY--TOPICAL TERM (OCLC, RLIN)
Topical term or geographic name as entry element PROPERTY AND LAND LAW-CASE LAW
942 ## - ADDED ENTRY ELEMENTS (KOHA)
Suppress in OPAC 0
Holdings
Withdrawn status Lost status Source of classification or shelving scheme Damaged status Not for loan Home library Current library Shelving location Date acquired Total Checkouts Full call number Barcode Date last seen Copy number Price effective from Koha item type
    Dewey Decimal Classification     London London Journal article 23/05/2003   X122385 122385-1001 06/08/2019 1 06/08/2019 Law report